ნორმალური ფორმატი
MARC ფორმატი
ჩანაწერი Personal Name
ჩანაწერთა რაოდენობა, რომელიც გამოყენებულია: 1
001 - CONTROL NUMBER
- control field: 21918
003 - CONTROL NUMBER IDENTIFIER
- control field: GE_BSU
005 - DATE AND TIME OF LATEST TRANSACTION
- control field: 20240424153152.0
008 - FIXED-LENGTH DATA ELEMENTS
- fixed length control field: 240424|| aca||aabn | a|a d
040 ## - CATALOGING SOURCE
- Original cataloging agency: GE_BSU
- Transcribing agency: GE_BSU
100 ## - HEADING--PERSONAL NAME
- Personal name: Chernyshenko, S.V. Lyubchak,V.O. Kyrychenko,K.V.
670 ## - SOURCE DATA FOUND
- Source citation: Work cat.: (GE_BSU)42271: Chernyshenko, S.V. Lyubchak,V.O. Kyrychenko,K.V., Tempus. Integrated university management system in project
